GETS Theological Seminary Library

Lectures in systematic theology (Record no. 16775)

MARC details
000 -LEADER
fixed length control field 00501nam a2200169Ia 4500
008 - FIXED-LENGTH DATA ELEMENTS--GENERAL INFORMATION
fixed length control field 200824s9999||||xx |||||||||||||| ||und||
020 ## - INTERNATIONAL STANDARD BOOK NUMBER
International Standard Book Number 0802827292
020 ## - INTERNATIONAL STANDARD BOOK NUMBER
International Standard Book Number 9780802827296
041 ## - LANGUAGE CODE
Language code of text/sound track or separate title eng
050 ## - LIBRARY OF CONGRESS CALL NUMBER
Classification number BT75
Item number .T39 1949
100 ## - MAIN ENTRY--PERSONAL NAME
Personal name Thiessen, Henry Clarence
245 #0 - TITLE STATEMENT
Title Lectures in systematic theology
Remainder of title /
Statement of responsibility, etc. Henry Clarence Thiessen
260 ## - PUBLICATION, DISTRIBUTION, ETC.
Place of publication, distribution, etc. Grand Rapids, Mich. ; Cambridge :
Name of publisher, distributor, etc. Eerdmans,
Date of publication, distribution, etc. 2006
300 ## - PHYSICAL DESCRIPTION
Extent xii, 454 p.
Other physical details ;
Dimensions 23 cm.
650 ## - SUBJECT ADDED ENTRY--TOPICAL TERM
Topical term or geographic name entry element Theology, Doctrinal.
Holdings
Withdrawn status Lost status Damaged status Not for loan Home library Current library Shelving location Date acquired Total Checkouts Full call number Barcode Date last seen Price effective from Koha item type
        GETS Theological Seminary Library GETS Theological Seminary Library General Stacks 08/24/2020   BT75 .T39 1949 00004943 08/24/2020 08/24/2020 English Books
        GETS Theological Seminary Library GETS Theological Seminary Library General Stacks 12/21/2020   BT75 .T39 2006 00024482 12/21/2020 12/21/2020 English Books
OpacCredits

Contact the Librarian, GETS Library
Email: library@mygets.org









Implemented by GETS Library
(Powered by ETCA Professional Group)
GETS Theological Seminary
412 E. Rowland Street, CA 91723